Statistics for Country to Capital Chain Game #2

Click here to take the quiz!

General Stats

  • This quiz has been taken 51 times
  • The average score is 13 of 20

Answer Stats

CountryCapital% Correct
ItalyRome
100%
New ZealandWellington
93%
CubaHavana
91%
North KoreaPyongyang
86%
HungaryBudapest
72%
D.R. CongoKinshasa
72%
SerbiaBelgrade
67%
JamaicaKingston
67%
UruguayMontevideo
67%
GhanaAccra
60%
NepalKathmandu
60%
AlbaniaTirana
56%
MoldovaChisinau
53%
SenegalDakar
53%
DjiboutiDjibouti
53%
El SalvadorSan Salvador
53%
JapanTokyo
53%
MaliBamako
44%
MaldivesMale
42%
NauruYaren
40%

Score Distribution

Percentile by Number Answered

Percent of People with Each Score

Your Score History

You have not taken this quiz